Advances in Cryptology - EUROCRYPT 2020 : 39th Annual International Conference on the Theory and Applications of Cryptographic Techniques, Zagreb, Croatia, May 10-14, 2020, Proceedings, Part II /

The three volume-set LNCS 12105, 12106, and 12107 constitute the thoroughly refereed proceedings of the 39th Annual International Conference on the Theory and Applications of Cryptographic Techniques, EUROCRYPT 2020, which was due to be held in Zagreb, Croatia, in May 2020. The conference was held v...

Full description

Bibliographic Details
Corporate Author: SpringerLink (Online service)
Other Authors: Canteaut, Anne (Editor), Ishai, Yuval (Editor)
Format: eBook
Language:English
Published: Cham : Springer International Publishing : Imprint: Springer, 2020.
Edition:1st ed. 2020.
Series:Security and Cryptology ; 12106
Subjects:
Online Access:Connect to the full text of this electronic book

MARC

Tag First Indicator Second Indicator Subfields
LEADER 00000nam a22000005i 4500
001 in00004381021
006 m o d
007 cr nn 008mamaa
008 200501s2020 sz | o |||| 0|eng d
005 20240805180642.3
020 |a 9783030457242 
024 7 |a 10.1007/978-3-030-45724-2  |2 doi 
035 |a (DE-He213)978-3-030-45724-2 
050 4 |a QA76.9.D335 
072 7 |a GPJ  |2 bicssc 
072 7 |a COM053000  |2 bisacsh 
072 7 |a GPJ  |2 thema 
072 7 |a URY  |2 thema 
082 0 4 |a 005.82  |2 23 
245 1 0 |a Advances in Cryptology - EUROCRYPT 2020 :  |b 39th Annual International Conference on the Theory and Applications of Cryptographic Techniques, Zagreb, Croatia, May 10-14, 2020, Proceedings, Part II /  |c edited by Anne Canteaut, Yuval Ishai. 
250 |a 1st ed. 2020. 
264 1 |a Cham :  |b Springer International Publishing :  |b Imprint: Springer,  |c 2020. 
300 |a 1 online resource (XV, 861 pages 99 illustrations, 7 illustrations in color.) 
336 |a text  |b txt  |2 rdacontent 
337 |a computer  |b c  |2 rdamedia 
338 |a online resource  |b cr  |2 rdacarrier 
347 |a text file  |b PDF  |2 rda 
490 1 |a Security and Cryptology ;  |v 12106 
505 0 |a Generic Models -- Secure Computation I -- Quantum I -- Foundations -- Isogeny-Based Cryptography -- Lattice-Based Cryptography -- Symmetric Cryptography II -- Secure Computation II. 
520 |a The three volume-set LNCS 12105, 12106, and 12107 constitute the thoroughly refereed proceedings of the 39th Annual International Conference on the Theory and Applications of Cryptographic Techniques, EUROCRYPT 2020, which was due to be held in Zagreb, Croatia, in May 2020. The conference was held virtually due to the COVID-19 pandemic. The 81 full papers presented were carefully reviewed and selected from 375 submissions. The papers are organized into the following topical sections: invited talk; best paper awards; obfuscation and functional encryption; symmetric cryptanalysis; randomness extraction; symmetric cryptography I; secret sharing; fault-attack security; succinct proofs; generic models; secure computation I; quantum I; foundations; isogeny-based cryptography; lattice-based cryptography; symmetric cryptography II; secure computation II; asymmetric cryptanalysis; verifiable delay functions; signatures; attribute-based encryption; side-channel security; non-interactive zero-knowledge; public-key encryption; zero-knowledge; quantum II. 
650 0 |a Data encryption (Computer science). 
650 0 |a Computers. 
650 0 |a Computer communication systems. 
650 0 |a Computer security. 
650 0 |a Data structures (Computer science). 
650 1 4 |a Cryptology.  |0 https://scigraph.springernature.com/ontologies/product-market-codes/I28020 
650 2 4 |a Information Systems and Communication Service.  |0 https://scigraph.springernature.com/ontologies/product-market-codes/I18008 
650 2 4 |a Computer Communication Networks.  |0 https://scigraph.springernature.com/ontologies/product-market-codes/I13022 
650 2 4 |a Systems and Data Security.  |0 https://scigraph.springernature.com/ontologies/product-market-codes/I28060 
650 2 4 |a Data Structures and Information Theory.  |0 https://scigraph.springernature.com/ontologies/product-market-codes/I15009 
655 7 |a Electronic books.  |2 local 
700 1 |a Canteaut, Anne.  |e editor.  |0 (orcid)0000-0002-6292-8336  |1 https://orcid.org/0000-0002-6292-8336  |4 edt  |4 http://id.loc.gov/vocabulary/relators/edt 
700 1 |a Ishai, Yuval.  |e editor.  |4 edt  |4 http://id.loc.gov/vocabulary/relators/edt 
710 2 |a SpringerLink (Online service) 
773 0 |t Springer Nature eBook 
776 0 8 |i Printed edition:  |z 9783030457235 
776 0 8 |i Printed edition:  |z 9783030457259 
830 0 |a Security and Cryptology ;  |v 12106 
856 4 0 |u http://proxy.library.tamu.edu/login?url=https://doi.org/10.1007/978-3-030-45724-2  |z Connect to the full text of this electronic book  |t 0 
950 |a Computer Science (SpringerNature-11645) 
950 |a Computer Science (R0) (SpringerNature-43710) 
955 |a Springer EBA Purchase 
999 f f |s ad5c0d87-26ab-3174-8bb2-cbf06512e6a7  |i 76260a04-a786-3607-a613-9d4a684f01c8  |t 0 
952 f f |a Texas A&M University  |b College Station  |c Electronic Resources  |d Available Online  |t 0  |e QA76.9.D335   |h Library of Congress classification 
998 f f |a QA76.9.D335   |t 0  |l Available Online